Thermal environmental engineering (Record no. 13003)

000 -LEADER
fixed length control field 00498nam a2200193 4500
001 - CONTROL NUMBER
control field 13003
003 - CONTROL NUMBER IDENTIFIER
control field BD-DhUET
008 - FIXED-LENGTH DATA ELEMENTS--GENERAL INFORMATION
fixed length control field 700513s1970 njuad b 001 0 eng
020 ## - INTERNATIONAL STANDARD BOOK NUMBER
International Standard Book Number 139147217
040 ## - CATALOGING SOURCE
Original cataloging agency DLC
Transcribing agency DLC
Modifying agency BD-DhUET
082 ## - DEWEY DECIMAL CLASSIFICATION NUMBER
Classification number 697.93
Item number THR/1970
100 1# - MAIN ENTRY--PERSONAL NAME
Personal name Threlkeld, James L.
245 10 - TITLE STATEMENT
Title Thermal environmental engineering
250 ## - EDITION STATEMENT
Edition statement 2nd ed.
260 ## - PUBLICATION, DISTRIBUTION, ETC. (IMPRINT)
Place of publication, distribution, etc. New Jersey
Name of publisher, distributor, etc. Prentice-Hall
Date of publication, distribution, etc. 1970
300 ## - PHYSICAL DESCRIPTION
Extent xvi, 495 p.
Other physical details illus.
Dimensions 25 cm.
650 #0 - SUBJECT ADDED ENTRY--TOPICAL TERM
Topical term or geographic name as entry element Air Conditioning
942 ## - ADDED ENTRY ELEMENTS (KOHA)
Koha item type General Book
Holdings
Sublocation or collection (holding branch) Koha full call number Not for loan Location (home branch) Price effective from Withdrawn status Lost status Source of classification or shelving scheme Shelving location Koha date last seen Damaged status Date acquired Piece designation (barcode) Koha normalized classification for sorting Copy number Koha item type
Central Library, BUET697.93/THR/1970 Central Library, BUET2015-02-28   Circulation section2015-02-28 2015-02-2847970697_930000000000000_THR_19701General Book
Central Library, BUET697.93/THR/1970 Central Library, BUET2015-02-28   Circulation section2015-02-28 2015-02-2855662697_930000000000000_THR_19702General Book
Central Library, BUET697.93/THR/1970 Central Library, BUET2015-05-17   Circulation section2015-05-17 2015-05-1717689697_930000000000000_THR_19703General Book
Central Library, BUET697.93/THR/1970 Central Library, BUET2015-05-17   Circulation section2015-05-17 2015-05-1717690697_930000000000000_THR_19704General Book
Central Library, BUET697.93/THR/1970 Central Library, BUET2015-05-17   Circulation section2015-05-17 2015-05-1717691697_930000000000000_THR_19705General Book
Central Library, BUET697.93/THR/1970 Central Library, BUET2015-05-17   Circulation section2015-05-17 2015-05-1717692697_930000000000000_THR_19706General Book
Central Library, BUET697.93/THR/1970 Central Library, BUET2015-05-17   Circulation section2015-05-17 2015-05-1717693697_930000000000000_THR_19707General Book
Central Library, BUET697.93/THR/1970 Central Library, BUET2015-05-17   Circulation section2015-05-17 2015-05-1719442697_930000000000000_THR_19708General Book
Central Library, BUET697.93/THR/1970 Central Library, BUET2015-05-17   Circulation section2015-05-17 2015-05-1725333697_930000000000000_THR_19709General Book
Central Library, BUET697.93/THR/1970 Central Library, BUET2015-05-17   Circulation section2015-05-17 2015-05-1725334697_930000000000000_THR_197010General Book